Sanat - "Lensi maahan enkeli" - Statistics

Yleistilastot
  • Tätä visaa on pelattu 23 kertaa
  • Keskiarvotulos 40 / 70
Vastaustilastot
Vastaus % Oikein
enkeli
100%
Lensi
100%
maahan
100%
suuren
95%
suuren
95%
hän
90%
hän
90%
hän
90%
hän
90%
kiven
90%
kiven
90%
tuulta
90%
vieritti
90%
vieritti
90%
haudan
86%
haudan
86%
joutuisampi
86%
suulta
86%
suulta
86%
syrjään
86%
syrjään
86%
elää
71%
elää
71%
elää
71%
ja
71%
ja
71%
ikuisesti
67%
ikuisesti
67%
Jeesus
67%
Jeesus
67%
Jeesus
67%
Jeesus
67%
nousi
67%
nousi
67%
iloisesti
62%
istahti
62%
Kivelle
62%
haudastaan
57%
haudastaan
57%
puhui
57%
koitti
52%
koitti
52%
pääsiäinen
52%
pääsiäinen
52%
jälkeen
48%
jälkeen
48%
kuolon
48%
pitkäperjantain
48%
pitkäperjantain
48%
taivaan
48%
taivaan
48%
taivaan
48%
vallan
48%
voitti
48%
kuningas
43%
näin
43%
näin
43%
nyt
14%
nyt
14%
kohti
0%
kohti
0%
kotia
0%
kotia
0%
kulkee
0%
kulkee
0%
meidätkin
0%
pienimmätkin
0%
pienimmätkin
0%
sulkee
0%
syliinsä
0%
Ehtoja vastaavia visoja ei löytynyt
Tulosjakauma
Jokaisen tuloksen saaneiden osuus
Persentiili vastausten määrän mukaan
Tuloshistoriasi
Et ole pelannut tätä visaa